Saudia Airlines Destinations - Statistics

General Stats
  • This quiz has been taken 109 times
  • The average score is 52 of 88
Answer Stats
Country Answer % Correct
Egypt Cairo
95%
Saudi Arabia Riyadh
95%
France Paris
93%
UAE Abu Dhabi
92%
UAE Dubai
92%
Indonesia Jakarta
90%
Canada Toronto
90%
Ethiopia Addis Ababa
89%
India Delhi
89%
Bangladesh Dhaka
89%
Germany Frankfurt
89%
Saudi Arabia Jeddah
89%
UK London
89%
Jordan Amman
88%
Lebanon Beirut
88%
Turkey Istanbul
88%
Germany Munich
88%
Italy Rome
88%
Singapore Singapore
88%
Algeria Algiers
86%
Kuwait Kuwait City
86%
Spain Madrid
86%
Philippines Manila
86%
Oman Muscat
86%
Egypt Alexandria
85%
Turkey Ankara
85%
Sri Lanka Colombo
85%
India Mumbai
85%
Kenya Nairobi
85%
Tunisia Tunis
85%
Morocco Casablanca
84%
Italy Milan
84%
Paksitan Karachi
82%
Bahrain Manama
82%
India Chennai
81%
Pakistan Islamabad
81%
UK Manchester
81%
Switzerland Geneva
79%
Malaysia Kuala Lumpur
79%
Pakistan Lahore
79%
South Africa Johannesburg
78%
Sudan Khartoum
78%
Iraq Baghdad
77%
Maldives Male
77%
Saudi Arabia Medina
77%
India Hyderabad
75%
US Los Angeles
75%
India Bangalore
74%
China Guangzhou
68%
Saudi Arabia Dammam
63%
UAE Sharjah
60%
Indonesia Surabaya
59%
Indonesia Medan
53%
US New York City
53%
Pakistan Peshawar
53%
Egypt Sharm El Sheikh
45%
India Kochi
44%
Oman Salalah
42%
India Lucknow
40%
Sudan Port Sudan
38%
Iran Mashhad
36%
Pakistan Multan
36%
Iran Tabriz
34%
Indonesia Makassar
32%
Saudi Arabia Abha
26%
Saudi Arabia Ha'il
26%
Saudi Arabia Tabuk
26%
Saudi Arabia Jizan
23%
Saudi Arabia Ta'if
23%
India Thiruvananthapuram
22%
Saudi Arabia Yanbu
22%
Saudi Arabia Najran
19%
Saudi Arabia Al Baha
18%
Saudi Arabia Al Ula
18%
Saudi Arabia Arar
18%
Saudi Arabia Gassim
18%
Saudi Arabia Bisha
15%
Saudi Arabia Al Ahsa
14%
Saudi Arabia Al Jawf
14%
Saudi Arabia Dawadmi
14%
Saudi Arabia Gurayat
12%
Saudi Arabia Sharurah
12%
Saudi Arabia Turaif
12%
Saudi Arabia King Khalid Military City
11%
Saudi Arabia Qaisumah
11%
Saudi Arabia Rafha
11%
Saudi Arabia Wadi Ad Dawasir
11%
Saudi Arabia Wedjh
11%
No matching quizzes found
Score Distribution
Percent of People with Each Score
Percentile by Number Answered
Your Score History
You have not taken this quiz